00881nam a2200217 i 4500001000700000003000900007005001700016008004100033020002300074080002000097100002600117245009000143260006100233300002900294490002200323500001200345505024500357700001700602830002200619852002200641180321ES-MaACL20230906221048.0120528s1997 sp | |||| ||spa d a84-89794-07-3 v. 1 a821.134.2-2"16"1 aCastro, Guillén de.10aObras completas. nI / cGuillén de Castro ; [edición y prólogo de Joan Oleza]. aMadrid : bFundación José Antonio de Castro, c1997. aXXXV, 1068 p. ; c23 cm.1 aBiblioteca Castro 0aEn 5 v.8 aContiene: El amor constante. El caballero bobo. El desengaño dichoso. El nacimiento de Montesinos. El conde de Alarcos. La humildad soberbia. Los malcasados de Valencia. El conde de Irlos. El curioso impertinente. Don Quijote de la Mancha1 aOleza, Joan.0 aBiblioteca Castro aES-MaACLjL-29901